Ulice w Gdańsku zaczynające się na L - Statystyki

Ogólne statystyki
  • Ten quiz został rozwiązany 11 razy
  • Średni wynik to 10 z 57
Statystyki odpowiedzi
Odpowiedź % Poprawnych
Liliowa
60%
Lipowa
60%
Latarniana
40%
Lazurowa
40%
Lęborska
40%
Leśna
40%
Leszczyńskich
40%
Lipcowa
40%
Liszta
40%
Litewska
40%
Lubelska
40%
Ludowa
40%
Lutniowa
40%
Legionów
20%
Legnicka
20%
Lektykarska
20%
Lelewela
20%
Lema
20%
Lenartowicza
20%
Lendziona
20%
Leśmiana
20%
Leszczynowa
20%
Letnia
20%
Letnicka
20%
Leźnieńska
20%
Liczmańskiego
20%
Lilii Wenedy
20%
Limbowa
20%
Lipce
20%
Lipuska
20%
Lirowa
20%
Lisia Grobla
20%
Listki
20%
Lubczykowa
20%
Lubowidzka
20%
Lubuska
20%
Lastadia
0%
Lawendowa
0%
Lawendowe Wzgórze
0%
Lecha
0%
Leczkowa
0%
Ledy
0%
Legendy
0%
Lengnicha
0%
Leskiego
0%
Leśna Góra
0%
Leśny Potok
0%
Leśny Stok
0%
Leszka Białego
0%
Letniskowa
0%
Lewkoniowa
0%
Lindego
0%
Lipińskiego
0%
Lipowicza
0%
Lotników Polskich
0%
Lublewska
0%
Lwowska
0%
Nie znaleziono quizów pasujących do podanych kryteriów
Rozkład punktacji
Procent ludzi z każdym wynikiem
Percentyl według liczby udzielonych odpowiedzi
Twoja historia wyników
Nie rozwiązałeś tego quizu